000 00827nam a2200253 i 4500
001 000049246
003 DO-SdBNP
005 20251121123632.0
007 ta
008 190801s2001 dr 000 spa d
040 _aDO-SdBNP
_bspa
_cBNPHU
_erda
082 4 _a347.729305
_bC669
_222
245 0 _aCódigo penal de la República Dominicana :
_bmodificado por ley 24-97, incluye ley 36-00.
264 _aSanto Domingo :
_beditor no identificado,
_c2001.
300 _a188 páginas ;
_c21 cm.
336 _atexto
_btxt
_2rdacontent
337 _asin mediación
_bn
_2rdamedia
338 _avolumen
_bnc
_2rdacarrier
500 _aIncluye referencias bibliográficas y notas al pie de las páginas
590 _aInventariado, 2019 / DG
650 0 _aDerecho penal
_xLegislación
_917405
910 _aD/G
942 _2ddc
_cLBS1
999 _c48734
_d48734